000 00273nmm a2200097Ia 4500
008 220120s9999||||xx |||||||||||||||||und||
020 _a0-07-136172-3
100 _aPCQ
245 0 _aDecember 2010 : 100 free software, 20 free utilities, 30 dev
260 _aCybertech
_bNew york
999 _c139629
_d139629